000 nam a22 a 4500
999 _c391283
_d391283
003 BLK
005 20201105094920.0
008 180408b bul|||||r ||||||| ||bul||
010 _aKNG00048248000
040 _aBLK
041 _aFRE
_cFRE
080 _aФренска литература
_b821.133.1
_x-21
_z821.133.1-21
100 1 _aCorneille, Pierre
_eпърви автор
_97631
139 _aCorneille, Pierre
_bC 80
245 1 0 _aLe Cid - Horace
_cPierre Corneille.
257 _aFRA
260 _bLibr. de la Bibliotheque Nationale
_c1882
_9217674
_aParis
300 _a189 p.
_c13 cm
380 _aX
490 _aCollection des meilleurs auteurs anciens et modernes
_9206365
490 _aКолекция Редки и ценни издания
_9435080
852 _aРф 882
_bРц
856 4 _qpdf
856 4 _qpdf
942 _cKNG
_n0
_s1
944 _aCR
_c2020-11-05
_kВЙ